[Event "Liptovsky Jan op"]
[Site "Liptovsky Jan"]
[Date "2022.06.26"]
[Round "7"]
[White "Varga, Lukas"]
[Black "Ihnat, Marek1111"]
[Result "1/2-1/2"]
[WhiteElo "2144"]
[BlackElo "2059"]
[PlyCount "25"]
[EventDate "2022.06.23"]
[EventType "swiss"]
[EventRounds "7"]
[EventCountry "SVK"]
[SourceTitle "CBM 209 Extra"]
[Source "ChessBase"]
[SourceDate "2022.09.30"]
[SourceVersion "1"]
[SourceVersionDate "2022.09.30"]
[SourceQuality "1"]

1. e4 c6 2. Nc3 d5 3. Nf3 dxe4 4. Nxe4 Nf6 5. Nxf6+ exf6 6. Bc4 Bd6 7. Qe2+ Qe7 8. Qxe7+ Kxe7 9. 0-0 Be6 10. Re1 Kd7 11. Bd3 c5 12. b3 Nc6 13. a3 1/2-1/2

[Event "SVK-chT1E 2122"]
[Site "Slovakia"]
[Date "2022.03.20"]
[Round "7.1"]
[White "Haring, Filip"]
[Black "Varga, Lukas"]
[Result "1-0"]
[WhiteElo "2429"]
[BlackElo "2142"]
[PlyCount "77"]
[EventDate "2022.01.29"]
[EventType "team-tourn"]
[EventRounds "11"]
[EventCountry "SVK"]
[SourceTitle "EXT 2023"]
[Source "ChessBase"]
[SourceDate "2022.10.05"]
[SourceVersion "1"]
[SourceVersionDate "2022.10.05"]
[SourceQuality "1"]
[WhiteTeam "Banska Bystrica Junior"]
[BlackTeam "Kosice Slavia TU"]
[WhiteTeamCountry "SVK"]
[BlackTeamCountry "SVK"]

1. e4 c5 2. Nf3 d6 3. d4 cxd4 4. Nxd4 Nf6 5. Nc3 a6 6. Be2 e5 7. Nf3 h6 8. 0-0 b5 9. Re1 Bb7 10. a4 b4 11. Nd5 Nxe4 12. Bc4 Nc5 13. Be3 Nbd7 14. Nd4 Nb6 15. Nxb6 Qxb6 16. Qg4 g6 17. Rad1 Qc7 18. f4 h5 19. Qh3 Bg7 20. fxe5 dxe5 21. Nf3 0-0 22. Ng5 Ne4 23. Bxf7+ Rxf7 24. Nxf7 Qxf7 25. Rd7 Qc4 26. Rxb7 Rd8 27. Qf3 Nd2 28. Qe2 Qxc2 29. Bg5 Rd5 30. Qf2 Qf5 31. Bxd2 Qxf2+ 32. Kxf2 Rxd2+ 33. Re2 Rd4 34. Rc2 Rf4+ 35. Ke2 Re4+ 36. Kd1 Bf8 37. Rc6 Rg4 38. g3 a5 39. Rb8 1-0

[Event "Liptovsky Jan Slovak op U2200"]
[Site "Liptovsky Jan"]
[Date "2021.06.18"]
[Round "2"]
[White "Sygulski, Piotr"]
[Black "Varga, Lukas"]
[Result "1-0"]
[WhiteElo "1819"]
[BlackElo "2090"]
[PlyCount "69"]
[EventDate "2021.06.17"]
[EventType "swiss"]
[EventRounds "7"]
[EventCountry "SVK"]
[SourceTitle "CBM 203 Extra"]
[Source "ChessBase"]
[SourceDate "2021.09.30"]
[SourceVersion "1"]
[SourceVersionDate "2021.09.30"]
[SourceQuality "1"]

1. d4 Nf6 2. c4 g6 3. Nc3 Bg7 4. Nf3 d6 5. Bg5 h6 6. Bh4 Bf5 7. e3 0-0 8. Bd3 Qc8 9. Bxf6 Bxf6 10. Nd5 Kg7 11. Bxf5 Qxf5 12. 0-0 Na6 13. Re1 c6 14. e4 Qe6 15. Nxf6 Qxf6 16. Qd2 e5 17. dxe5 dxe5 18. Qc3 Rfe8 19. Rad1 Qe7 20. a3 f6 21. Nh4 Kf7 22. Qg3 Rg8 23. Qe3 Kg7 24. f4 exf4 25. Qxf4 Rad8 26. Qg4 Qf7 27. Rf1 h5 28. Qg3 Kh7 29. Rxd8 Rxd8 30. e5 f5 31. Re1 Nc5 32. Nf3 Qxc4 33. e6 Ne4 34. Qc7+ Kh6 35. Qxd8 1-0

[Event "Liptovsky Jan Slovak op U2200"]
[Site "Liptovsky Jan"]
[Date "2021.06.17"]
[Round "1"]
[White "Varga, Lukas"]
[Black "Demko, Ladislav"]
[Result "1-0"]
[WhiteElo "2090"]
[BlackElo "1604"]
[PlyCount "43"]
[EventDate "2021.06.17"]
[EventType "swiss"]
[EventRounds "7"]
[EventCountry "SVK"]
[SourceTitle "CBM 203 Extra"]
[Source "ChessBase"]
[SourceDate "2021.09.30"]
[SourceVersion "1"]
[SourceVersionDate "2021.09.30"]
[SourceQuality "1"]

1. e4 e6 2. d4 d5 3. Nc3 Nf6 4. Bg5 Be7 5. e5 Nfd7 6. h4 c5 7. Bxe7 Kxe7 8. f4 cxd4 9. Qxd4 Nc6 10. Qd2 a6 11. Nf3 f6 12. exf6+ gxf6 13. f5 Nde5 14. Nxe5 Nxe5 15. 0-0-0 Qc7 16. fxe6 Bxe6 17. Be2 Rad8 18. Qh6 Rdg8 19. h5 Nf7 20. Qe3 Qe5 21. Qb6 Nd8 22. Rhe1 1-0

[Event "Drienica Saris op"]
[Site "Drienica"]
[Date "2020.08.12"]
[Round "6"]
[White "Mandak, Miroslav"]
[Black "Varga, Lukas"]
[Result "0-1"]
[WhiteElo "1927"]
[BlackElo "2036"]
[PlyCount "100"]
[EventDate "2020.08.07"]
[EventType "swiss"]
[EventRounds "9"]
[EventCountry "SVK"]
[SourceTitle "CBM 197 Extra"]
[Source "ChessBase"]
[SourceDate "2020.09.30"]
[SourceVersion "1"]
[SourceVersionDate "2020.09.30"]
[SourceQuality "1"]

1. Nf3 c5 2. c4 Nf6 3. Nc3 g6 4. g3 Bg7 5. Bg2 0-0 6. d3 Nc6 7. 0-0 d6 8. Rb1 Bd7 9. Bd2 Nd4 10. e3 Nxf3+ 11. Bxf3 Bc6 12. Bxc6 bxc6 13. Ne2 h5 14. h4 Qd7 15. Kg2 a5 16. Bc3 a4 17. Qc2 Qf5 18. e4 Qd7 19. f3 e5 20. Bd2 Ra7 21. a3 Nh7 22. Nc3 Rfa8 23. Be3 Nf8 24. Rbe1 Ne6 25. Ne2 Rb7 26. Kh2 Rab8 27. Bc1 Rb3 28. Nc3 Bh6 29. Rf2 Nd4 30. Qd1 Bxc1 31. Qxc1 Rxb2 32. Kg2 R2b3 33. Rd1 Kg7 34. Qa1 Qd8 35. f4 Qa5 36. Ne2 Rb2 37. Nxd4 Rxf2+ 38. Kxf2 cxd4 39. fxe5 dxe5 40. Qa2 Qc3 41. Rd2 Qc1 42. Qc2 Qh1 43. Qd1 Qh3 44. Qf1 Qh2+ 45. Qg2 Qxg2+ 46. Kxg2 Rb3 47. Kf3 Rxa3 48. Ke2 Rb3 49. Ra2 a3 50. Kd2 f5 0-1

[Event "Drienica Saris op"]
[Site "Drienica"]
[Date "2020.08.08"]
[Round "2"]
[White "Varga, Lukas"]
[Black "Striskova, Lucia"]
[Result "1-0"]
[WhiteElo "2036"]
[BlackElo "1706"]
[PlyCount "97"]
[EventDate "2020.08.07"]
[EventType "swiss"]
[EventRounds "9"]
[EventCountry "SVK"]
[SourceTitle "CBM 197 Extra"]
[Source "ChessBase"]
[SourceDate "2020.09.30"]
[SourceVersion "1"]
[SourceVersionDate "2020.09.30"]
[SourceQuality "1"]

1. e4 e5 2. Nf3 Nc6 3. Bb5 Nf6 4. 0-0 Nxe4 5. d4 Nd6 6. Bxc6 dxc6 7. dxe5 Nf5 8. Qxd8+ Kxd8 9. h3 Bc5 10. Nc3 a6 11. Ne4 Bb6 12. Re1 h6 13. g4 Ne7 14. Be3 Nd5 15. Bxb6 Nxb6 16. Kg2 Ke7 17. Nc5 Nd7 18. Ne4 Re8 19. Nd4 Kf8 20. f4 c5 21. Nf5 b6 22. Rad1 Nb8 23. Kf2 Nc6 24. Rd2 Be6 25. Ne3 Rad8 26. Red1 Ke7 27. Rxd8 Rxd8 28. Rxd8 Kxd8 29. Nc3 Bc8 30. Kf3 Bb7 31. Kg3 Nd4 32. f5 Kd7 33. Kf4 b5 34. g5 hxg5+ 35. Kxg5 Nf3+ 36. Kf4 Nd4 37. h4 Bc6 38. h5 b4 39. Ncd5 Bxd5 40. Nxd5 Kd8 41. c3 bxc3 42. Nxc3 Ke8 43. Nd5 a5 44. Nxc7+ Kf8 45. e6 Ke7 46. Nd5+ Ke8 47. Ke5 f6+ 48. Nxf6+ gxf6+ 49. Kxf6 1-0

[Event "SVK-chT2D 1920"]
[Site "Slovakia"]
[Date "2020.03.08"]
[Round "11.3"]
[White "Ihnat, Marek1111"]
[Black "Varga, Lukas"]
[Result "1-0"]
[WhiteElo "2047"]
[BlackElo "1988"]
[PlyCount "49"]
[EventDate "2019.10.26"]
[EventType "team-tourn"]
[EventRounds "11"]
[EventCountry "SVK"]
[SourceTitle "EXT 2022"]
[Source "ChessBase"]
[SourceDate "2021.10.06"]
[SourceVersion "1"]
[SourceVersionDate "2021.10.06"]
[SourceQuality "1"]
[WhiteTeam "Stropkov/Svidnik"]
[BlackTeam "Kosice Slavia TU IV"]
[WhiteTeamCountry "SVK"]
[BlackTeamCountry "SVK"]

1. e4 c5 2. Nc3 Nc6 3. Nf3 e5 4. Bc4 Be7 5. 0-0 d6 6. d3 Nf6 7. Ng5 0-0 8. f4 Bg4 9. Nf3 Nd4 10. Kh1 exf4 11. Bxf4 Nh5 12. Be3 Bf6 13. Nd5 Be5 14. Bxd4 cxd4 15. Qe1 Bxf3 16. Rxf3 g6 17. Qf2 Qd7 18. Rf1 b5 19. Bb3 Kg7 20. Qh4 Kh8 21. g4 Ng7 22. Rh3 h5 23. gxh5 g5 24. Qxg5 Qxh3 25. Qh6+ 1-0

[Event "SVK-chT1E 1920"]
[Site "Slovakia"]
[Date "2020.02.22"]
[Round "8.3"]
[White "Kantorik, Marian"]
[Black "Varga, Lukas"]
[Result "1/2-1/2"]
[WhiteElo "2205"]
[BlackElo "1988"]
[PlyCount "23"]
[EventDate "2019.10.12"]
[EventType "team-tourn"]
[EventRounds "11"]
[EventCountry "SVK"]
[SourceTitle "CBM 195 Extra"]
[Source "ChessBase"]
[SourceDate "2020.05.31"]
[SourceVersion "1"]
[SourceVersionDate "2020.05.31"]
[SourceQuality "1"]
[WhiteTeam "Dunajov Inbest II"]
[BlackTeam "Kosice Slavia TU II"]
[WhiteTeamCountry "SVK"]
[BlackTeamCountry "SVK"]

1. d4 Nf6 2. c4 e6 3. g3 d5 4. Nf3 Be7 5. Bg2 dxc4 6. 0-0 0-0 7. Na3 c5 8. Nxc4 Nc6 9. dxc5 Qxd1 10. Rxd1 Bxc5 11. a3 h6 12. h4 1/2-1/2